000 00790nam a2200253 a 4500
008
020 _a1560246952 (hbk.)
049 _aMAIN
090 0 0 _aHD45
245 0 4 _aThe Impact of innovation and technology in the global market place /
_cShaker A. Zahra and Abbas J. Ali, editors.
260 _aNew York :
_bHaworth Press,
_c1994.
300 _axii, 222 p. ;
_c23 cm.
500 _aIncludes index.
504 _aIncludes bibliographical references.
650 0 _aTechnological innovations
_xManagement.
650 0 _aMarketing
_xManagement.
700 1 _aZahra, Shaker A.
700 1 _aAli, Abbas.
907 _a.b10157487
_b15-03-05
_c07-03-05
003
005 20230123133943.0
040 _cNUST
942 _cBOOKS
_kHD45
999 _c157483
_d157483